Image by Year - 21st Century - Statistics

General Stats
  • This quiz has been taken 12 times
  • The average score is 6 of 14
Answer Stats
Picture Answer % Correct
2025
92%
2024
75%
2021
67%
2003
50%
2011
50%
2016
50%
2005
42%
2013
33%
2014
33%
2023
33%
2007
25%
2008
25%
2015
25%
2018
25%
No matching quizzes found
Score Distribution
Percent of People with Each Score
Percentile by Number Answered
Your Score History
You have not taken this quiz